000 00747cam a2200217 a 4500
001 000007289
005 20200929154125.0
008 931227s1993 sp a b 001 0aspa d
020 _a8479790407
040 _aDO-SdBNP
_cAzU
_dNN
_dDLC
082 _a920
_bB268d
100 1 _aBarral, Carlos.
_920237
245 1 4 _aLos diarios 1957-1989 /
_cCarlos Barral ; edición, prefacio y notas de Carmen Riera.
260 _aMadrid :
_bAnaya & M. Muchnik,
_c1993.
300 _a418 p. :
_bil. ;
_c25 cm.
504 _aIncluye referencias bibliográficas p. 361-[419].
600 1 4 _aBARRAL, CARLOS
_xDIARIOS
_920238
650 4 _aAutores , españoles
_xSiglo xx
_xDiario.
_920239
700 1 _aRiera, Carmen,
_eed.
_920240
910 _aCatalogación por copia / LC
999 _c7070
_d7070